Top 300 Girls Names Ending with -E (2015) Quiz Stats

 Plays Quiz not verified by Sporcle

Challenge
Share
Tweet
Embed
Score 0/300 Timer 20:00
0 Plays Today
First Letter Name % Correct
ZZoe
96.5%
GGrace
95.1%
CChloe
94.8%
CCharlotte
93.9%
NNatalie
93.9%
EEllie
92.9%
JJulie
92.3%
IIsabelle
91.4%
KKaylee
90.4%
MMarie
90.1%
AAnne
89.4%
PPenelope
89.1%
JJane
88.5%
CCaroline
88.4%
KKylie
88.2%
EEve
88.1%
KKatherine
87.8%
CCatherine
87.7%
RRose
87.3%
AAlice
87.3%
KKatie
87.2%
GGabrielle
86.7%
AAnnie
86.2%
CClaire
85.8%
EElle
85.6%
MMadeline
84.9%
GGracie
84.8%
NNicole
84.3%
KKate
84.2%
CChristine
83.4%
SSadie
82.8%
VValerie
82.7%
MMelanie
82.6%
JJessie
82.5%
OOlive
82.3%
MMichelle
82.2%
AAllie
82.1%
SSophie
82%
DDanielle
82%
JJosephine
81.8%
CCallie
81.8%
MMollie
81.4%
JJade
81.1%
KKhloe
81%
EElise
80.8%
JJosie
80.8%
SStephanie
80.4%
RRylee
80%
KKylee
79.9%
JJasmine
79.8%
PPaige
78.2%
HHaylee
78%
BBrooke
77.6%
AAnnabelle
77.5%
CCassie
77.2%
AAubree
77%
RRosie
76.8%
MMackenzie
75.8%
BBelle
75%
MMaggie
74.7%
EEvie
74.6%
MMckenzie
74.4%
AAbbie
74.4%
CCamille
74.1%
CCarlie
73.9%
BBrielle
73.8%
LLillie
73.7%
CCharlie
73.6%
KKaylie
73.6%
EEmilie
73.6%
JJacqueline
72.9%
AAdeline
72.7%
MMillie
72.5%
JJuliette
71.8%
EElsie
71.8%
HHope
70.8%
AArielle
70.7%
MMadeleine
69.3%
JJamie
69.3%
MMarlee
69.1%
RRylie
69%
AAimee
68.9%
CCarlee
68.1%
JJune
68%
BBaylee
68%
CCarrie
67.6%
GGenevieve
67.1%
NNoelle
66.9%
VVivienne
66.9%
HHailee
66.6%
MMacie
66.3%
JJazmine
66%
HHallie
66%
EElaine
65.7%
CClare
65.7%
AAverie
65.4%
AAmelie
65.3%
MMakenzie
65.2%
GGiselle
64.8%
JJulianne
64.5%
First Letter Name % Correct
KKarlie
64.4%
IIrene
64.1%
AAnabelle
63.6%
AAngeline
63.6%
PPhoebe
63.4%
AAdele
62.6%
KKallie
62.6%
LLeslie
62.3%
KKenzie
62.2%
AAngie
62.2%
LLucille
61.9%
AAubrie
61.9%
HHarlee
61.7%
KKarlee
61.6%
BBailee
61.6%
PPaislee
61%
AAdrienne
60.8%
AAddie
60.5%
CCharlee
60.3%
EEvangeline
60.2%
MMaddie
60.2%
EEmmie
60.2%
EEloise
59.9%
AAdelaide
59.3%
EEstelle
59.2%
EEmilee
57.8%
MMarlie
57.3%
RReese
56.7%
JJoyce
56.3%
RRosalie
56.2%
JJanelle
55.7%
CCorinne
55.4%
DDenise
55.2%
HHalle
55.1%
RRenee
54.9%
LLexie
54.6%
KKailee
54.6%
JJayde
54.3%
LLouise
53.7%
AAngelique
53.5%
BBrynlee
52.9%
SSkye
52.7%
CCeline
52.7%
KKelsie
52.7%
LLacie
52.6%
HHadlee
52.5%
MMelodie
52.5%
BBonnie
52.1%
MMae
52.1%
AAdaline
52%
CCeleste
51.8%
CCaylee
51.7%
IIzabelle
51.5%
JJaylee
51.4%
CCheyenne
50.9%
ZZoie
50.8%
JJolie
50.6%
CCadence
50.2%
DDestinee
50.1%
BBrylee
50%
MMaisie
49.3%
DDesiree
49%
HHattie
48.4%
HHarlie
47.9%
JJolene
47.4%
MMattie
47.3%
EEsme
47.2%
MMarlene
47%
SSage
46.9%
JJoelle
46.8%
KKinlee
46.8%
JJanice
46.2%
NNathalie
45.9%
EEmerie
45.6%
PPreslee
45.3%
NNatalee
45.1%
EElyse
44.7%
KKinslee
44.6%
BBlake
44.5%
SScarlette
44.5%
CCharlene
44.5%
AAnnalise
44%
DDaphne
43.9%
KKadence
43.1%
BBeatrice
43%
BBree
42.5%
JJaycee
42.4%
BBraylee
42.1%
KKaydence
41.9%
JJournee
41.5%
SSimone
41.3%
YYvette
40.6%
VViolette
40.3%
YYvonne
39.5%
MMarjorie
39.3%
JJustice
39%
CColette
39%
DDominique
39%
EEmmalee
39%
FFlorence
38.9%
First Letter Name % Correct
RRilee
38.9%
SSloane
38.7%
CCaydence
38.7%
EEmmeline
37.7%
EEverlee
37.7%
KKamille
37.6%
SSelene
35.7%
RRaylee
35.6%
MMaeve
35.3%
EEmmaline
35.1%
CConstance
34.8%
VVivianne
34.7%
AArabelle
34.5%
CCoraline
34.4%
MMaxine
34.2%
NNellie
34.1%
FFaye
33.7%
SSylvie
33.4%
SSaige
32.7%
JJaqueline
32.1%
RRosemarie
32%
LLorraine
30.7%
KKaroline
30.6%
AAubrielle
30.6%
HHarmonie
30.6%
KKacie
30.3%
BBlaire
30%
MMaylee
29.7%
KKloe
29.5%
KKynlee
28.9%
EElodie
28.6%
CClementine
28.1%
FFrankie
28.1%
AAnnelise
28.1%
KKaycee
27.5%
GGeraldine
27.4%
AAnnalee
27.3%
RRosalee
26.9%
CCharlize
26.8%
PPatience
26.6%
GGuadalupe
25.9%
BBrylie
25.6%
WWinnie
25.3%
MMiracle
25.3%
JJurnee
25.3%
NNicolette
24.7%
UUnique
24.4%
GGisele
23.8%
AAbrielle
23.6%
JJournie
23%
JJaylene
22.9%
AAnneliese
22.8%
DDixie
22.7%
AAlyse
22.6%
AAriadne
22.2%
AAriane
21.6%
JJanae
21%
EEunice
20.5%
SStevie
20.4%
DDulce
20.3%
ZZaylee
20.2%
TTemperance
20.2%
EElouise
18.9%
RRayne
18.7%
SSkylee
18.4%
IIndie
17.5%
JJude
17.4%
AAdalee
17%
PPromise
15.8%
SShyanne
15.8%
ZZadie
14.8%
TTreasure
14.6%
CCambree
14.1%
AAdilene
13.8%
RRhylee
13.5%
CCalliope
13.4%
JJovie
13.3%
JJiselle
13.3%
MMonroe
12.6%
SSapphire
12.4%
JJubilee
11.9%
BBrigitte
11.6%
CCambrie
11.3%
CCosette
11.2%
MMazie
10.8%
DDesirae
10.6%
AAnnamarie
10.4%
AAvarie
10.2%
EElliette
9.8%
JJackeline
9.4%
AArlette
9.1%
BBridgitte
8.6%
RRenesmee
8.5%
MMarceline
8.2%
EEmmarie
8.2%
KKenzlee
8.1%
DDenisse
8%
CChevelle
7.1%
MMaryJane
7%
SSalome
6.4%

You're not logged in!

Compare scores with friends on all Sporcle quizzes.
Join for Free
OR
Log In

You Might Also Like...

Show Comments

Extras

Top Quizzes Today


Score Distribution

Your Account Isn't Verified!

In order to create a playlist on Sporcle, you need to verify the email address you used during registration. Go to your Sporcle Settings to finish the process.

Report this User

Report this user for behavior that violates our Community Guidelines.

Details: